<?xml version="1.0" encoding="UTF-8"?>
<record
    xmlns:xsi="http://www.w3.org/2001/XMLSchema-instance"
    xsi:schemaLocation="http://www.loc.gov/MARC21/slim http://www.loc.gov/standards/marcxml/schema/MARC21slim.xsd"
    xmlns="http://www.loc.gov/MARC21/slim">

  <leader>04075cam a22005534i 4500</leader>
  <controlfield tag="003">PE-LiUPU</controlfield>
  <controlfield tag="005">20250731180114.0</controlfield>
  <controlfield tag="008">180522s2016    mx a    r     001 0 spa d</controlfield>
  <datafield tag="020" ind1=" " ind2=" ">
    <subfield code="a">9786075228358</subfield>
  </datafield>
  <datafield tag="035" ind1=" " ind2=" ">
    <subfield code="a">(Sirsi) a242073</subfield>
  </datafield>
  <datafield tag="040" ind1=" " ind2=" ">
    <subfield code="a">PE-LiUPU</subfield>
    <subfield code="b">spa</subfield>
    <subfield code="c">PE-LiUPU</subfield>
    <subfield code="e">rda</subfield>
  </datafield>
  <datafield tag="049" ind1=" " ind2=" ">
    <subfield code="a">PRUA</subfield>
  </datafield>
  <datafield tag="082" ind1="0" ind2="4">
    <subfield code="a">519.2</subfield>
    <subfield code="b">J67</subfield>
    <subfield code="2">22</subfield>
  </datafield>
  <datafield tag="100" ind1="1" ind2=" ">
    <subfield code="a">Johson, Robert,</subfield>
    <subfield code="e">autor.</subfield>
  </datafield>
  <datafield tag="245" ind1="1" ind2="0">
    <subfield code="a">Estad&#xED;stica elemental /</subfield>
    <subfield code="c">Robert Johnson, Patricia Kuby.</subfield>
  </datafield>
  <datafield tag="250" ind1=" " ind2=" ">
    <subfield code="a">11a edici&#xF3;n.</subfield>
  </datafield>
  <datafield tag="264" ind1=" " ind2="1">
    <subfield code="a">M&#xE9;xico :</subfield>
    <subfield code="b">Cengage learning,</subfield>
    <subfield code="c">2016.</subfield>
  </datafield>
  <datafield tag="300" ind1=" " ind2=" ">
    <subfield code="a">804 p&#xE1;ginas :</subfield>
    <subfield code="b">ilustraciones;</subfield>
    <subfield code="c">28 cent&#xED;metros</subfield>
  </datafield>
  <datafield tag="336" ind1=" " ind2=" ">
    <subfield code="a">text</subfield>
    <subfield code="2">rdacontent</subfield>
  </datafield>
  <datafield tag="337" ind1=" " ind2=" ">
    <subfield code="a">unmediated</subfield>
    <subfield code="2">rdamedia</subfield>
  </datafield>
  <datafield tag="338" ind1=" " ind2=" ">
    <subfield code="a">volume</subfield>
    <subfield code="2">rdacarrier</subfield>
  </datafield>
  <datafield tag="504" ind1=" " ind2=" ">
    <subfield code="a">&#xCD;ndice : p&#xE1;ginas 781-798.</subfield>
  </datafield>
  <datafield tag="505" ind1="0" ind2=" ">
    <subfield code="a">Estad&#xED;stica -- &#xBF;Qu&#xE9; es la estad&#xED;stica? -- Mensurabilidad y variabilidad -- Recolecci&#xF3;n de datos -- Estad&#xED;stica y tecnolog&#xED;a -- An&#xE1;lisis descriptivo y presentaci&#xF3;n de datos de una variable -- Gr&#xE1;ficas, diagramas de Pareto y diagramas de tallo y hojas -- Distribuciones de frecuencia e histogramas -- Medidas de dispersi&#xF3;n -- Medidas de posici&#xF3;n -- Interpretaci&#xF3;n y comprensi&#xF3;n de la desviaci&#xF3;n est&#xE1;ndar -- El arte del enga&#xF1;o estad&#xED;stico -- An&#xE1;lisis descriptivo y presentaci&#xF3;n de datos bivariados -- Datos bivariados -- Correlaci&#xF3;n lineal -- Regresi&#xF3;n lineal -- Probabilidad -- Probabilidad de eventos -- Probabilidad condicional de eventos -- Probabilidad condicional de eventos -- Reglas de probabilidad -- Eventos mutuamente excluyentes -- Eventos independientes -- Mutuamente excluyentes e independientes &#xBF;est&#xE1;n relacionados? -- Distribuciones de probabilidad (variables discretas) -- Variables aleatorias -- Distribuciones de probabilidad de una variable aleatoria discreta -- Distribuci&#xF3;n de probabilidad binomial -- Distribuciones de probabilidad normal -- Distribuci&#xF3;n de probabilidad normal -- La distribuci&#xF3;n normal est&#xE1;ndar -- Aplicaciones de las distribuciones normales -- Notaci&#xF3;n -- Aproximaci&#xF3;n normal de la binomial -- Variabilidad muestral -- Distribuciones muestrales -- La distribuci&#xF3;n muestral de medias muestrales -- Aplicaci&#xF3;n de la distribuci&#xF3;n muestral de medias muestrales -- Inferencia estad&#xED;stica -- Introducci&#xF3;n -- La naturaleza de la estimaci&#xF3;n -- Estimaci&#xF3;n de media -- La naturaleza de la prueba de hip&#xF3;tesis -- Un m&#xE9;todo de valor de probabilidad -- Prueba de hip&#xF3;tesis de media -- Un m&#xE9;todo cl&#xE1;sico -- Inferencias que involucran una poblaci&#xF3;n -- Muestras dependientes e independientes -- Inferencias concernientes a la diferencia de medias usando dos muestras dependientes -- Inferencias concernientes a la raz&#xF3;n de varianzas -- An&#xE1;lisis de correlaci&#xF3;n y de regresi&#xF3;n lineales -- Intervalos de confianza para regresi&#xF3;n -- Comprender la relaci&#xF3;n entre correlaci&#xF3;n y regresi&#xF3;n -- Elementos de estad&#xED;stica no param&#xE9;trica -- Estad&#xED;stica no param&#xE9;trica -- La prueba del signo -- La prueva U de Mann-Whitney -- La prueba de rachas -- Correlaci&#xF3;n por rangos.</subfield>
  </datafield>
  <datafield tag="526" ind1=" " ind2=" ">
    <subfield code="a">SEG44</subfield>
  </datafield>
  <datafield tag="526" ind1=" " ind2=" ">
    <subfield code="a">SEG26</subfield>
  </datafield>
  <datafield tag="526" ind1=" " ind2=" ">
    <subfield code="a">P159</subfield>
  </datafield>
  <datafield tag="526" ind1=" " ind2=" ">
    <subfield code="a">P155</subfield>
  </datafield>
  <datafield tag="526" ind1=" " ind2=" ">
    <subfield code="a">P154</subfield>
  </datafield>
  <datafield tag="526" ind1=" " ind2=" ">
    <subfield code="a">P153</subfield>
  </datafield>
  <datafield tag="526" ind1=" " ind2=" ">
    <subfield code="a">P150</subfield>
  </datafield>
  <datafield tag="526" ind1=" " ind2=" ">
    <subfield code="a">P100</subfield>
  </datafield>
  <datafield tag="526" ind1=" " ind2=" ">
    <subfield code="a">P31</subfield>
  </datafield>
  <datafield tag="526" ind1=" " ind2=" ">
    <subfield code="a">P30</subfield>
  </datafield>
  <datafield tag="526" ind1=" " ind2=" ">
    <subfield code="a">P26</subfield>
  </datafield>
  <datafield tag="526" ind1=" " ind2=" ">
    <subfield code="a">P25</subfield>
  </datafield>
  <datafield tag="526" ind1=" " ind2=" ">
    <subfield code="a">P24</subfield>
  </datafield>
  <datafield tag="526" ind1=" " ind2=" ">
    <subfield code="a">P22</subfield>
  </datafield>
  <datafield tag="526" ind1=" " ind2=" ">
    <subfield code="a">P15</subfield>
  </datafield>
  <datafield tag="526" ind1=" " ind2=" ">
    <subfield code="a">P10</subfield>
  </datafield>
  <datafield tag="541" ind1=" " ind2=" ">
    <subfield code="g">022-00000049;</subfield>
  </datafield>
  <datafield tag="650" ind1="0" ind2="4">
    <subfield code="a">Estad&#xED;stica matem&#xE1;tica.</subfield>
    <subfield code="9">1317</subfield>
  </datafield>
  <datafield tag="650" ind1="0" ind2="4">
    <subfield code="a">Mathematical statistics.</subfield>
  </datafield>
  <datafield tag="910" ind1=" " ind2=" ">
    <subfield code="a">dbm</subfield>
    <subfield code="b">wmm</subfield>
    <subfield code="c">wmm</subfield>
    <subfield code="d">20160822</subfield>
  </datafield>
  <datafield tag="942" ind1=" " ind2=" ">
    <subfield code="2">ddc</subfield>
    <subfield code="c">BOOK</subfield>
  </datafield>
  <datafield tag="994" ind1=" " ind2=" ">
    <subfield code="a">C0</subfield>
    <subfield code="b">PEPRU</subfield>
  </datafield>
  <datafield tag="596" ind1=" " ind2=" ">
    <subfield code="a">1</subfield>
  </datafield>
  <datafield tag="999" ind1=" " ind2=" ">
    <subfield code="a">519.2 J67</subfield>
    <subfield code="w">DEWEY</subfield>
    <subfield code="c">27581</subfield>
    <subfield code="i">78559</subfield>
    <subfield code="d">27581</subfield>
    <subfield code="e">2019-12-26</subfield>
    <subfield code="f">2021-11-5</subfield>
    <subfield code="g">4</subfield>
    <subfield code="l">CCODEBUL1</subfield>
    <subfield code="m">BUL</subfield>
    <subfield code="n">1</subfield>
    <subfield code="p">76.12</subfield>
    <subfield code="q">2</subfield>
    <subfield code="r">0</subfield>
    <subfield code="s">Y</subfield>
    <subfield code="t">BOOK</subfield>
    <subfield code="u">2018-5-22</subfield>
    <subfield code="x">BIBLIOTECA</subfield>
    <subfield code="P">P24</subfield>
    <subfield code="0">COMPRA</subfield>
    <subfield code="1">FCOMPRA</subfield>
    <subfield code="o">.STAFF. Colecci&#xF3;n Ingenier&#xED;a y Arquitectura</subfield>
  </datafield>
  <datafield tag="999" ind1=" " ind2=" ">
    <subfield code="a">519.2 J67</subfield>
    <subfield code="w">DEWEY</subfield>
    <subfield code="c">2</subfield>
    <subfield code="i">78560</subfield>
    <subfield code="d">2018-10-28</subfield>
    <subfield code="f">2021-11-5</subfield>
    <subfield code="g">4</subfield>
    <subfield code="l">CCODEBUL1</subfield>
    <subfield code="m">BUL</subfield>
    <subfield code="p">76.12</subfield>
    <subfield code="q">1</subfield>
    <subfield code="r">0</subfield>
    <subfield code="s">Y</subfield>
    <subfield code="t">BOOK</subfield>
    <subfield code="u">2018-5-22</subfield>
    <subfield code="x">BIBLIOTECA</subfield>
    <subfield code="P">P24</subfield>
    <subfield code="0">COMPRA</subfield>
    <subfield code="1">FCOMPRA</subfield>
    <subfield code="o">.STAFF. Colecci&#xF3;n Ingenier&#xED;a y Arquitectura</subfield>
  </datafield>
  <datafield tag="980" ind1=" " ind2=" ">
    <subfield code="8">1</subfield>
    <subfield code="g">ALBERTO SANCHEZ Responsable de Automatizaci&#xF3;n</subfield>
  </datafield>
  <datafield tag="952" ind1=" " ind2=" ">
    <subfield code="r">2025-12-02 00:00:00</subfield>
    <subfield code="i">5</subfield>
    <subfield code="l">3</subfield>
    <subfield code="o">519.2 J67</subfield>
    <subfield code="p">78559</subfield>
    <subfield code="s">2023-10-24</subfield>
    <subfield code="t">e1</subfield>
    <subfield code="v">81.12</subfield>
    <subfield code="w">2018-05-22</subfield>
    <subfield code="x">FACIHED</subfield>
    <subfield code="y">BK</subfield>
    <subfield code="z">inventario-2023-12-13</subfield>
    <subfield code="1">0</subfield>
    <subfield code="2">ddc</subfield>
    <subfield code="5">0</subfield>
    <subfield code="7">0</subfield>
    <subfield code="8">GEN</subfield>
    <subfield code="f">P15</subfield>
    <subfield code="a">BUL</subfield>
    <subfield code="b">BUL</subfield>
    <subfield code="c">GEN</subfield>
    <subfield code="d">2018-05-22</subfield>
    <subfield code="e">COMPRA</subfield>
    <subfield code="g">76.12</subfield>
  </datafield>
  <datafield tag="952" ind1=" " ind2=" ">
    <subfield code="r">2025-12-02 00:00:00</subfield>
    <subfield code="i">5</subfield>
    <subfield code="l">2</subfield>
    <subfield code="o">519.2 J67</subfield>
    <subfield code="p">78560</subfield>
    <subfield code="s">2023-09-22</subfield>
    <subfield code="t">e2</subfield>
    <subfield code="v">81.12</subfield>
    <subfield code="w">2018-05-22</subfield>
    <subfield code="x">FACIHED</subfield>
    <subfield code="y">BK</subfield>
    <subfield code="z">inventario-2023-12-13</subfield>
    <subfield code="1">0</subfield>
    <subfield code="2">ddc</subfield>
    <subfield code="5">0</subfield>
    <subfield code="7">0</subfield>
    <subfield code="8">GEN</subfield>
    <subfield code="f">P15</subfield>
    <subfield code="a">BUL</subfield>
    <subfield code="b">BUL</subfield>
    <subfield code="c">GEN</subfield>
    <subfield code="d">2018-05-22</subfield>
    <subfield code="e">COMPRA</subfield>
    <subfield code="g">76.12</subfield>
  </datafield>
</record>
